Lie Groups, Lie Algebras, and some of their applications

Guardado en:
Detalles Bibliográficos
Autor principal: Gilmore, Robert (Autor)
Formato: Libro
Lenguaje:inglés
Publicado: Nueva York Dover Publications 2005
Edición:1a. ed
Colección:Mathematics
Materias:
Etiquetas: Agregar Etiqueta
Sin Etiquetas, Sea el primero en etiquetar este registro!

MARC

LEADER 00000cam a2200000 a 4500
001 UCE1127
003 CL-VaPUC
008 140331e20050000us |||||||||||||||||eng|d
020 |a 0486445291 
082 0 4 |a 512.55  |b GIL  |2 21 
100 |a Gilmore, Robert  |e author  |9 573505 
245 1 0 |a Lie Groups, Lie Algebras, and some of their applications 
250 |a 1a. ed 
300 |a 587 p 
942 |c BK 
945 |d 20140331 09:48:00  |a cmena 
260 |a Nueva York  |b Dover Publications  |c 2005 
650 0 |a Grupos de Lie   |9 271231 
650 0 |a Álgebra de Lie  |9 271226 
583 |a last modification  |c 20140331 09:48:00  |k Rodrigo Vera 
490 0 |a Mathematics 
999 |c 355036  |d 355034 
952 |0 0  |1 0  |3 erb  |4 0  |6 512_550000000000000_GIL_2005  |7 0  |8 A  |9 461372  |a BIBCUR  |b BIBCUR  |i 5066069  |o 512.55 GIL 2005  |p 5066069  |r 2025-04-22  |w 2019-11-23  |y BK  |z Catalogado en:20140331  |k FIS 
952 |0 0  |1 0  |3 erb  |4 0  |6 512_550000000000000_GIL_2005  |7 0  |8 A  |9 461373  |a BIBCUR  |b BIBCUR  |i 5066077  |o 512.55 GIL 2005  |p 5066077  |r 2025-04-22  |w 2019-11-23  |y BK  |z Catalogado en:20140331  |k FIS 
952 |0 0  |1 0  |3 erb  |4 0  |6 512_550000000000000_GIL_2005  |7 0  |8 A  |9 461374  |a BIBCUR  |b BIBCUR  |i 5066085  |o 512.55 GIL 2005  |p 5066085  |r 2025-04-22  |w 2019-11-23  |y BK  |z Catalogado en:20140331  |k FIS 
952 |0 0  |1 0  |3 erb  |4 0  |6 512_550000000000000_GIL_2005  |7 0  |8 A  |9 461375  |a BIBCUR  |b BIBCUR  |i 5066093  |o 512.55 GIL 2005  |p 5066093  |r 2025-04-22  |w 2019-11-23  |y BK  |z Catalogado en:20140331  |k FIS